Estudio a nivel de perfil de proyecto de construcción de la carretera Sto. Domingo- Los Chinamos (15+077-25+077km) departamento de chontales

Estudio a nivel de perfil de proyectos de construcción de la carretera entre los Municipios de Santo Domingo y chinamos del Departamento de Chontales. Determinar la demanda y establecer las necedades del proyecto técnico para estimar la inversión requerida, tamaño e ingeniería del proyecto....

Full description

Bibliographic Details
Main Authors: Medrano Centeno, Emelin Janett, Silva Vallecillo, Harry Alexis, Blandón Úbeda, Irving Noel
Other Authors: Tutor: Fonseca Chávez, Miguel Antonio
Format: Tesis Section = Libro
Language:Undetermined
Spanish
Published: Managua UNI 2017
Subjects:
LEADER 01316nam a2200289Ia 4500
008 240830s9999 xx 000 0 und d
040 |a BIBLIOTECA-RUPAP Mon 625.7 M492 
041 |a spa 
082 |a Mon 625.7 M492 
100 1 |a Medrano Centeno, Emelin Janett 
100 1 |b Silva Vallecillo, Harry Alexis 
100 1 |c  Blandón Úbeda, Irving Noel 
245 1 0 |a Estudio a nivel de perfil de proyecto de construcción de la carretera Sto. Domingo- Los Chinamos (15+077-25+077km) departamento de chontales 
260 |a Managua  |b UNI  |c 2017 
300 |a 146 p. :il. 
500 |a Contiene: anexos y CD. 
502 |a Tesis (Ingeniero Civil)- UNI, 2017. 
520 3 |a Estudio a nivel de perfil de proyectos de construcción de la carretera entre los Municipios de Santo Domingo y chinamos del Departamento de Chontales. Determinar la demanda y establecer las necedades del proyecto técnico para estimar la inversión requerida, tamaño e ingeniería del proyecto. 
650 7 |a CONSTRUCCIÓN DE CARRETERA-CHONTALES-PROYECTOS 
650 7 |b ESTUDIO DE MERCADO 
650 7 |c INGENIERIA DE PROYECTOS 
650 7 |d ESTUDIO SOCIO-ECONOMICO DEL PROYECTO 
650 7 |e CARRETERAS- DISEÑOS Y PLANOS 
700 1 |a Tutor:  |b Fonseca Chávez, Miguel Antonio 
942 |c BK  |2 ddc 
991 |a TESIS 
999 |c 15982